Central Library OPAC University of Rajshahi

Before the storm : (Record no. 19338)

MARC details
000 -LEADER
fixed length control field 00809nam a2200241 a 4500
001 - CONTROL NUMBER
control field 19338
003 - CONTROL NUMBER IDENTIFIER
rucl marc code BD-RjUL
005 - DATE AND TIME OF LATEST TRANSACTION
control field 20211209000422.0
008 - FIXED-LENGTH DATA ELEMENTS--GENERAL INFORMATION
fixed length control field 140224t1944 nyuc 000 0 eng u
035 ## - SYSTEM CONTROL NUMBER
System control number (BD-RjUL)19397
040 ## - CATALOGING SOURCE
Original cataloging agency PGP
Modifying agency OCL
-- SOI
-- SER
-- EQO
-- BD-RjUL
Language of cataloging eng
Transcribing agency BD-RjUL
041 1# - LANGUAGE CODE
Language code of text/sound track or separate title eng
Language code of original rus
082 04 - DEWEY DECIMAL CLASSIFICATION NUMBER
Classification number 923.247
Author mark and year MAB 1944
100 1# - MAIN ENTRY--PERSONAL NAME
Personal name Maĭskiĭ, I. M.
Fuller form of name (Ivan Mikhaĭlovich),
Dates associated with a name 1884-1975.
9 (RLIN) 59473
245 10 - TITLE STATEMENT
Title Before the storm :
Remainder of title recollections /
Statement of responsibility, etc. by I.M. Maisky ; translated from the Russian by Gerard Shelley
260 ## - PUBLICATION, DISTRIBUTION, ETC. (IMPRINT)
Place of publication, distribution, etc. London :
Name of publisher, distributor, etc. Hutchinson,
Date of publication, distribution, etc. 1944.
300 ## - PHYSICAL DESCRIPTION
Pagination 176 p. :
Illustrations ports. ;
Size 22 cm.
500 ## - GENERAL NOTE
General note Translation of Pered burei
600 10 - SUBJECT ADDED ENTRY--PERSONAL NAME
Personal name Maĭskiĭ, I. M.
Fuller form of name (Ivan Mikhaĭlovich),
Dates associated with a name 1884-1975.
942 ## - ADDED ENTRY ELEMENTS (KOHA)
Source of classification or shelving scheme Dewey Decimal Classification
Koha item type Books
Holdings
Lost status Source of classification or shelving scheme Damaged status Not for loan Collection code Permanent Location Current Location Shelving location Date acquired Source of acquisition Cost, normal purchase price Total Checkouts Full call number Date last seen Copy number Koha item type
  Dewey Decimal Classification   Not For Loan Non-fiction Central Library, University of Rajshahi Central Library, University of Rajshahi Reading Room 11/09/1990 shaukat osman 0.00   923.247 MAB 1944 24/02/2014 C-1 Books